Länder die mit A beginnen - Statistiken

Allgemein
  • Dieses Quiz wurde 49 mal gespielt
  • Das Durchschnittsergebnis liegt bei 9 aus 13
Antwortstatistiken
Antwort % Korrekt
Albanien
79%
Andorra
79%
Angola
79%
Armenien
77%
Algerien
74%
Aserbaidschan
74%
Antigua und Barbuda
69%
Argentinien
69%
Australien
67%
Afghanistan
59%
Ägypten
56%
Äthiopien
46%
Äquatorialguinea
33%
Keine übereinstimmenden Quizze gefunden
Verteilung der Resultate
Anzahl Personen mit jedem Resultat
Perzentil nach korrekt beantworteten Fragen
Ihre Resultats-Entwicklung
Sie haben dieses Quiz noch nicht gespielt